A multiperspective comparison of peer sociometric status groups in chilhood and adolescence (Record no. 61650)

MARC details
000 -CABECERA
campo de control de longitud fija 00794nam a2200277 a 4500
005 - FECHA Y HORA DE LA ÚLTIMA TRANSACCIÓN
campo de control 20210219152821.0
008 - ELEMENTOS DE LONGITUD FIJA--INFORMACIÓN GENERAL
campo de control de longitud fija 991125n 000 0 eng u
035 ## - NÚMERO DE CONTROL DEL SISTEMA
Número de control de sistema UPN01000062319
100 ## - ASIENTO PRINCIPAL--NOMBRE PERSONAL
Nombre de persona HATZICHRISTOU, Chryse
222 ## - TÍTULO CLAVE
Título clave CHILD DEVELOPMENT
245 ## - MENCIÓN DE TÍTULO
Título A multiperspective comparison of peer sociometric status groups in chilhood and adolescence
260 ## - PUBLICACIÓN, DISTRIBUCIÓN, ETC.
Lugar de publicación, distribución, etc. EUA
300 ## - DESCRIPCIÓN FÍSICA
Extensión 1085-1102
362 ## - FECHAS DE PUBLICACIÓN Y/O DESIGNACIÓN SECUENCIAL
Fecha de publicación y/o designación secuencial 1996 Vol. 67, no. 3, june
653 0# - TERMINO DE INDIZACION - NO CONTROLADO
Término no controlado ADOLESCENCIA
653 0# - TERMINO DE INDIZACION - NO CONTROLADO
Término no controlado CONDUCTA SOCIAL
653 0# - TERMINO DE INDIZACION - NO CONTROLADO
Término no controlado DIFERENCIAS SEXUALES
653 0# - TERMINO DE INDIZACION - NO CONTROLADO
Término no controlado EDUCACION PRIMARIA
653 0# - TERMINO DE INDIZACION - NO CONTROLADO
Término no controlado EDUCACION SECUNDARIA
653 0# - TERMINO DE INDIZACION - NO CONTROLADO
Término no controlado NIÑOS
653 0# - TERMINO DE INDIZACION - NO CONTROLADO
Término no controlado RECHAZO (PSICOLOGIA)
653 0# - TERMINO DE INDIZACION - NO CONTROLADO
Término no controlado RENDIMIENTO ACADEMICO
700 ## - ASIENTO SECUNDARIO--NOMBRE DE PERSONAL
Nombre de persona HOPF, Diether, coaut.
904 ## - ELEMENTOS DE DATOS D LOCAL, LDD (RLIN)
a AC
b 000130
905 ## - TIPO DE MATERIAL
Tipo de material Articulo

No items available.